<?xml version="1.0" encoding="UTF-8"?>
<collection xmlns="http://www.loc.gov/MARC21/slim">
 <record>
  <leader>01556nam a2200217Ia 4500</leader>
  <controlfield tag="001">CTU_165814</controlfield>
  <controlfield tag="008">210402s9999    xx            000 0 und d</controlfield>
  <datafield tag="020" ind1=" " ind2=" ">
   <subfield code="c">53.99</subfield>
  </datafield>
  <datafield tag="082" ind1=" " ind2=" ">
   <subfield code="a">620.0071173</subfield>
  </datafield>
  <datafield tag="082" ind1=" " ind2=" ">
   <subfield code="b">L431</subfield>
  </datafield>
  <datafield tag="100" ind1=" " ind2=" ">
   <subfield code="a">Lazarus, Barbara B.</subfield>
  </datafield>
  <datafield tag="245" ind1=" " ind2="4">
   <subfield code="a">The woman's guide to navigating the Ph.D. in engineering &amp; science</subfield>
  </datafield>
  <datafield tag="245" ind1=" " ind2="0">
   <subfield code="c">Barbara B. Lazarus, Lisa M. Ritter, Susan A. Ambrose</subfield>
  </datafield>
  <datafield tag="260" ind1=" " ind2=" ">
   <subfield code="a">New York</subfield>
  </datafield>
  <datafield tag="260" ind1=" " ind2=" ">
   <subfield code="b">IEEE Press</subfield>
  </datafield>
  <datafield tag="260" ind1=" " ind2=" ">
   <subfield code="c">2001</subfield>
  </datafield>
  <datafield tag="520" ind1=" " ind2=" ">
   <subfield code="a">Survive and thrive in graduate school. Designed to unravel some of the mystery around graduate school programs in science and engineering, this one-stop resource reinforces strategies for succeeding. Qualitative interviews offer first-hand stories and tips from women who have found success in academia, industry, and the public sector. Each chapter covers a different aspect of graduate school, from identifying funding sources, to writing the dissertation, to looking for a job. THE WOMAN'S GUIDE TO NAVIGATING THE PH.D. IN ENGINEERING &amp; SCIENCE also focuses on the emotional and social difficulties women may experience, and offers practical suggestions and advice for surviving and thriving in graduate school.</subfield>
  </datafield>
  <datafield tag="650" ind1=" " ind2=" ">
   <subfield code="a">Women engineers,Women scientists,Engineering,Science,Nữ kỹ sư,Nhà khoa học nữ,Kỹ thuật,Khoa học</subfield>
  </datafield>
  <datafield tag="650" ind1=" " ind2=" ">
   <subfield code="x">Study and teaching (Higher),Study and teaching (Higher),Học và dạy (cấp cao hơn),Học và dạy (cấp cao hơn)</subfield>
  </datafield>
  <datafield tag="904" ind1=" " ind2=" ">
   <subfield code="i">Yen,Qhieu</subfield>
  </datafield>
  <datafield tag="980" ind1=" " ind2=" ">
   <subfield code="a">Trung tâm Học liệu Trường Đại học Cần Thơ</subfield>
  </datafield>
 </record>
</collection>
